📖 150premiers mots "Le métier" d'homme" Alexandre Jollien N°1 Préface - Statistiques

Statistiques générales
  • Ce quiz a Ă©tĂ© pris 9 fois
  • Le rĂ©sultat moyen est 82 sur 150
Statistiques - réponses
Mots % Correct
a
100%
Ă 
100%
Alexandre
100%
au
100%
d'
100%
de
100%
des
100%
elle
100%
en
100%
et
100%
et
100%
il
100%
Jollien
100%
l'
100%
L'
100%
le
100%
se
100%
avec
86%
ces
86%
dans
86%
du
86%
la
86%
lĂ 
86%
mais
86%
oĂą
86%
pas
86%
Pas
86%
plus
86%
pour
86%
que
86%
qui,
86%
qui
86%
sa
86%
son
86%
un
86%
une
86%
aux
71%
ne
71%
par
71%
sous
71%
après
57%
vie.
57%
autres.
43%
autres :
43%
celle
43%
jour
43%
jour,
43%
lui,
43%
monde,
43%
trop
43%
trouve.
43%
ceux
29%
corps
29%
creux
29%
pensée
29%
petit
29%
porte
29%
sens
29%
accident
14%
affûtée,
14%
ailleurs,
14%
ainsi -
14%
ayant
14%
cause,
14%
cerveau,
14%
cordon
14%
démarche,
14%
disons-
14%
élocution
14%
épiphanie
14%
gestes
14%
intelligence,
14%
lentement
14%
longuement
14%
manifeste
14%
manqué
14%
moindre
14%
naissance.
14%
ombilical,
14%
oxygène
14%
pierre
14%
pointue,
14%
répondant
14%
ressemble
14%
ressemblent
14%
sollicitations
14%
Strangulé
14%
subi -
14%
trace
14%
voyante. ...
14%
brièvement
0%
claire,
0%
consacrées
0%
Débordant
0%
décode
0%
déploie
0%
détail,
0%
exercée,
0%
grise,
0%
habile,
0%
habitude
0%
inaugurales
0%
lucide
0%
matière
0%
minutes
0%
mort
0%
rencontré
0%
signe
0%
souffle
0%
soulève
0%
vive,
0%
Aucun quiz correspondant
Distribution des résultats
% des personnes avec chaque résultat
Percentile par nombre de réponses
Votre historique - résultats
Vous n’avez pas pris ce quiz